[Event "Regular Quad, S40329"]
[Site "CCLA"]
[Date "2014.09.26"]
[Round "?"]
[White "Miller, Allan A."]
[Black "Acosta, Errol"]
[Result "1-0"]
[WhiteElo "1563"]
[BlackElo "1365"]

1. d4 d5 2. c4 c6 3. e3 Nf6 4. Nc3 g6 5. cxd5 cxd5 6. Bb5+ Nc6 7. Nf3 Bg7 
8. Ne5 O-O 9. Nxc6 bxc6 10. Bxc6 Rb8 11. Ba4 e6 12. Bc2 Ba6 13. Bd3 Bc4 
14. b3 Bxd3 15. Qxd3 Qa5 16. Bb2 Rfc8 17. O-O Qd8 18. Rfc1 Rb7 19. Na4 
Rxc1+ 20. Rxc1 Ne4 21. f3 Nd6 22. Nc5 Rb6 23. Bc3 Nb5 24. Ba5 Qd6 25. Bxb6
Qxb6 26. Qc2 Qd8 27. a4 Nd6 28. Nd3 Qg5 29. Re1 h5 30. Nf2 Kh7 31. Nh3 Qh4
32. Qf2 Qd8 33. Rc1 Qb6 34. Qc2 Nf5 35. Qd3 Bh6 36. f4 Qb4 37. Ng5+ Kg7 
38. Qc3 Qe7 39. Nf3 h4 40. b4 Nd6 41. Qc7 Qf8 42. Qxa7 Nc4 43. Ne5 Nxe5 
44. dxe5 Qxb4 45. a5 Qd2 46. Qc5 Kg8 47. Qc3 1-0

[Event "Herbert W. Gustafson Memorial, S47139"]
[Site "CCLA"]
[Date "2014.10.27"]
[Round "?"]
[White "Nolan, Robert"]
[Black "Metz, Edward"]
[Result "1-0"]
[WhiteElo "1511"]
[BlackElo "1398"]

1. d4 d5 2. c4 c6 3. Nf3 Bg4 4. Ne5 Bh5 5. cxd5 cxd5 6. Qb3 b6 7. Nc3 e6 
8. Bf4 f6 9. Qb5+ Nd7 10. Nd3 a6 11. Qb3 Ne7 12. e4 dxe4 13. Nxe4 Nd5 14. 
Bg3 Be7 15. Nf4 Nxf4 16. Bxf4 Bf7 17. Bc4 Nf8 18. Be3 b5 19. Be2 e5 20. 
Qd1 Bb4+ 21. Nc3 Ne6 22. dxe5 fxe5 23. Bd2 O-O 24. O-O Bc5 25. Ne4 Ba7 26.
 Bc3 Nd4 27. Bb4 Nxe2+ 28. Qxe2 Bc4 29. Qh5 Re8 30. Rfe1 Re6 31. b3 Bd5 
32. Rad1 Bd4 33. Bc3 Qb6 34. Bxd4 exd4 35. Qxd5 Rd8 36. Qc5 Qxc5 37. Nxc5 
Rc6 38. Ne6 Rd7 39. Nf4 Rc2 40. Re2 d3 41. Red2 Rxd2 42. Rxd2 Rc7 43. Nxd3
Rc3 44. g3 h6 45. h4 Kh7 46. Kg2 a5 47. Nf4 Rc6 48. Kh3 b4 49. Ng2 h5 50. 
Ne3 g6 51. Kg2 Kh6 52. Rd5 Ra6 53. Nc4 a4 54. Rb5 axb3 55. axb3 Rc6 56. 
Rxb4 g5 57. hxg5+ Kxg5 58. Rb5+ Kg4 59. Ne5+ 1-0

[Event "Herbert W. Gustafson Memorial, S47139"]
[Site "CCLA"]
[Date "2014.10.27"]
[Round "?"]
[White "Metz, Edward"]
[Black "Sanchez, David A."]
[Result "0-1"]
[WhiteElo "1398"]
[BlackElo "1471"]

1. d4 d5 2. c4 c6 3. Nf3 Nf6 4. Bg5 h6 5. Bf4 e6 6. e3 dxc4 7. Bxc4 g5 8. 
Bg3 b5 9. Bb3 Nbd7 10. Nbd2 c5 11. dxc5 Nxc5 12. Ne5 Bb7 13. O-O Be7 14. 
Qe2 a6 15. Bc2 O-O 16. Rfd1 Qb6 17. Ng4 Nxg4 18. Qxg4 Bf6 19. Qh5 Kg7 20. 
Rab1 Qc6 21. Qg4 Qxg2# 0-1

[Event "Herbert W. Gustafson Memorial Open, S47019"]
[Site "CCLA"]
[Date "2014.10.27"]
[Round "?"]
[White "Belanoff, Stuart"]
[Black "Vaughan, James"]
[Result "1/2-1/2"]
[WhiteElo "2265"]
[BlackElo "2270"]

1. Nf3 d5 2. d4 Nf6 3. c4 c6 4. Qc2 g6 5. Bf4 Bf5 6. Qb3 Qb6 7. c5 Qxb3 8.
 axb3 Na6 9. Nc3 Nh5 10. Bd2 Bg7 11. h3 Nf6 12. Bf4 Nb4 13. Ra4 Nc2+ 14. 
Kd2 Ne4+ 15. Nxe4 dxe4 16. Kxc2 exf3+ 17. Kc3 fxe2 18. Bxe2 O-O-O 19. Be5 
f6 20. Bh2 e5 21. dxe5 a6 22. g4 Be6 23. Kc2 fxe5 24. Bc4 Bd5 25. Re1 Rhf8
26. Bg3 e4 27. h4 Rde8 28. Re2 Be5 29. Bxd5 cxd5 30. Bxe5 Rxe5 31. Kc3 
Ree8 32. Kd4 Rd8 33. Rb4 Rf4 34. Rb6 Rxg4 35. h5 gxh5 36. c6 e3+ 37. Kc5 
d4 38. Rxb7 d3 39. Rxe3 d2 40. Ree7 Rd5+ 41. Kb6 Rb4+ 42. Ka7 d1=Q 43. 
Rxb4 Rb5 44. Rbe4 Qd5 45. Re8+ Kc7 46. R4e7+ Kxc6 47. Re6+ Kc5 48. Re5 a5 
49. Rxd5+ Kxd5 50. Re3 Kd4 51. Ka6 Re5 52. Rc3 Ke4 53. b4 axb4 54. Rb3 Kf4
55. Rxb4+ Re4 56. Rb7 h6 57. Rf7+ Kg5 58. Rg7+ Kh4 59. Ka5 Rf4 60. b4 Rxf2
61. b5 Ra2+ 62. Kb4 Rb2+ 63. Kc5 Rc2+ 64. Kd6 Rd2+ 65. Kc6 Rc2+ 66. Kb7 
Rc4 67. b6 Rg4 68. Rh7 Kg3 69. Ka6 h4 70. b7 Rb4 71. Rxh6 1/2-1/2

[Event "Herbert W. Gustafson Memorial, S47139"]
[Site "CCLA"]
[Date "2014.10.27"]
[Round "?"]
[White "Sanchez, David A."]
[Black "Metz, Edward"]
[Result "0-1"]
[WhiteElo "1471"]
[BlackElo "1398"]

1. d4 d5 2. c4 c6 3. Nf3 Bg4 4. Nc3 Nf6 5. e3 Nbd7 6. h3 Bh5 7. g4 Bg6 8. 
Bg2 e6 9. c5 Ne4 10. Bd2 Be7 11. O-O O-O 12. b4 Nxc3 13. Bxc3 b6 14. a4 a6
15. Re1 bxc5 16. dxc5 f5 17. Nd4 Qc8 18. Nxe6 Rf7 19. Nf4 Nf8 20. gxf5 
Rxf5 21. Nxg6 Nxg6 22. e4 dxe4 23. Rxe4 Bh4 24. Rxh4 Nxh4 25. Qd4 Nf3+ 26.
 Bxf3 Rg5+ 27. Kh2 Qc7+ 28. Kh1 Rf8 0-1

[Event "NA Class C Server Championship, S40129"]
[Site "CCLA"]
[Date "2014.04.30"]
[Round "?"]
[White "Miller, Allan A."]
[Black "Sanchez, David A."]
[Result "1/2-1/2"]
[WhiteElo "1563"]
[BlackElo "1471"]

1. d4 d5 2. c4 c6 3. e3 Nf6 4. Nf3 Bf5 5. cxd5 cxd5 6. Qb3 Qc7 7. Nc3 e6 
8. Bd2 Nc6 9. Rc1 a6 10. Ne2 Bd6 11. Ng3 Qd7 12. Nxf5 exf5 13. Bd3 O-O 14.
 a3 Rfe8 15. Kd1 f4 16. h3 fxe3 17. Bxe3 b5 18. Nd2 Rec8 19. Bb1 Na5 20. 
Qd3 Rxc1+ 21. Kxc1 Qc7+ 22. Qc2 Qxc2+ 23. Bxc2 Rc8 24. Kb1 Nh5 25. b4 Nc4 
26. Nxc4 dxc4 27. g3 Re8 28. Bc1 Re6 29. Bf5 Re7 30. Bc8 Ra7 31. Re1 Nf6 
32. Kc2 Kf8 33. h4 h5 34. Bh3 a5 35. Bd2 axb4 36. Bxb4 Bxb4 37. axb4 Ra3 
38. Re5 Rd3 39. Rxb5 Rxd4 40. Kc3 Rd3+ 41. Kxc4 Rf3 42. Rb8+ Ke7 43. Rb7+ 
Kf8 44. b5 Ne8 45. Kd5 Rd3+ 46. Kc6 Rc3+ 47. Kb6 Nd6 48. Rb8+ Ke7 49. Bf1 
Rf3 50. Ra8 Rxf2 51. Ra1 Rf3 52. Ka7 Nxb5+ 53. Bxb5 Rxg3 54. Kb6 Rh3 55. 
Ra7+ Kf6 56. Be8 Rxh4 1/2-1/2

[Event "NA Class D Server Championship, S40139"]
[Site "CCLA"]
[Date "2014.04.30"]
[Round "?"]
[White "Hodgkins, Neil C."]
[Black "Williams, Rufus H."]
[Result "1-0"]
[WhiteElo "1419"]
[BlackElo "1222"]

1. d4 d5 2. c4 c6 3. Nf3 Nf6 4. Nc3 Bf5 5. e3 e6 6. h3 Bb4 7. Bd2 Ne4 8. 
Nxe4 Bxd2+ 9. Nexd2 O-O 10. Rc1 b6 11. Be2 a6 12. b3 a5 13. a4 Na6 14. O-O
Nb4 15. Ne5 Rc8 16. Re1 f6 17. Nef3 Re8 18. Nf1 Na2 19. Ra1 Nc3 20. Qc1 
Ne4 21. N1d2 Nxd2 22. Qxd2 c5 23. Rac1 cxd4 24. Nxd4 Bg6 25. cxd5 Rxc1 26.
 Rxc1 exd5 27. Bb5 Re5 28. Nc6 Qd6 29. Nxe5 Qxe5 30. Rc8+ Kf7 31. Be8+ Ke6
32. Rc6+ Kf5 33. Bd7+ Kg5 34. f4+ 1-0

[Event "NA Class C Server Championship, S40129"]
[Site "CCLA"]
[Date "2014.04.30"]
[Round "?"]
[White "Cangelosi, Dominic"]
[Black "Sanchez, David A."]
[Result "1-0"]
[WhiteElo "1415"]
[BlackElo "1471"]

1. d4 d5 2. Nf3 Nf6 3. c4 c6 4. Nc3 Bf5 5. e3 dxc4 6. Bxc4 b5 7. Bb3 e6 8.
 O-O Bd6 9. e4 Nxe4 10. Nxe4 Bxe4 11. Re1 Bd5 12. Bc2 Nd7 13. Ng5 Nf6 14. 
Nf3 Rc8 15. Bf5 O-O 16. Bd3 a6 17. a4 Qc7 18. Ne5 c5 19. axb5 c4 20. Bb1 
axb5 21. Bd2 b4 22. Re3 Bxg2 23. Kxg2 g6 24. Rh3 Bxe5 25. dxe5 Qxe5 26. 
Bxb4 Rfd8 27. Qf3 Qd5 28. Be7 1-0

[Event "Premier Quad, S40289"]
[Site "CCLA"]
[Date "2014.09.15"]
[Round "?"]
[White "Sereni, Vincent T."]
[Black "Holmer, Arthur E."]
[Result "1-0"]
[WhiteElo "2118"]
[BlackElo "1860"]

1. d4 d5 2. c4 c6 3. Nf3 Nf6 4. e3 Bf5 5. Nc3 a6 6. Be2 h6 7. Qb3 Ra7 8. 
Ne5 e6 9. O-O Be7 10. c5 Nbd7 11. Nd3 O-O 12. Bd2 Qc7 13. f3 b6 14. cxb6 
Nxb6 15. Nc5 Bxc5 16. dxc5 Nbd7 17. Na4 Rb8 18. Qc3 e5 19. b3 e4 20. f4 
Bg4 21. Bxg4 Nxg4 22. Qd4 Ngf6 23. Bc3 Nf8 24. Rac1 Ne6 25. Qd1 Qe7 26. 
Nb6 a5 27. Be5 Rd8 28. Rc2 Ne8 29. Qg4 f6 30. Ba1 N8c7 31. f5 Nf8 32. Qe2 
Nd7 33. Bc3 Ne5 34. Qd2 Nb5 35. Bxe5 Qxe5 36. a4 Nc7 37. Nc4 Qe8 38. Nxa5 
1-0

[Event "Continuous Server Series, S40159"]
[Site "CCLA"]
[Date "2014.05.19"]
[Round "?"]
[White "Ritzmann, Andrew M."]
[Black "Metz, Edward"]
[Result "1-0"]
[WhiteElo "1381"]
[BlackElo "1398"]

1. d4 d5 2. c4 c6 3. Nf3 Nf6 4. Nc3 Bg4 5. Ne5 Bh5 6. cxd5 cxd5 7. Qb3 b6 
8. Qb5+ Nbd7 9. Nxd5 Nxd5 10. Qxd5 Nxe5 11. Qxe5 f6 12. Qxh5+ g6 13. Qb5+ 
Kf7 14. e3 e6 15. Bc4 Bd6 16. O-O Qc7 17. d5 Rae8 18. dxe6+ Kg7 19. Qd7+ 
Re7 20. Qxc7 Bxc7 21. b3 Rd8 22. Ba3 Ree8 23. Rad1 Rxd1 24. Rxd1 Bd8 25. 
Rd7+ Kh6 26. e7 1-0

[Event "Herbert W. Gustafson Memorial, S47139"]
[Site "CCLA"]
[Date "2014.10.27"]
[Round "?"]
[White "Nolan, Robert"]
[Black "Sanchez, David A."]
[Result "1-0"]
[WhiteElo "1511"]
[BlackElo "1471"]

1. d4 d5 2. c4 c6 3. Nf3 Nf6 4. Nc3 a6 5. g3 b5 6. b3 Bg4 7. Ne5 Bf5 8. 
Bg2 e6 9. O-O Qc7 10. Bf4 Nh5 11. Bd2 Nf6 12. Bf4 Nh5 13. Bc1 Nd7 14. Nd3 
Nhf6 15. cxd5 cxd5 16. Bb2 Bd6 17. Rc1 Qb6 18. a3 O-O 19. Na2 h5 20. Nab4 
Rac8 21. Nc2 e5 22. dxe5 Bxd3 23. exf6 Bxc2 24. Rxc2 1-0

[Event "Regular Quad, S40249"]
[Site "CCLA"]
[Date "2014.08.08"]
[Round "?"]
[White "Miller, Allan A."]
[Black "Perry, William E."]
[Result "1/2-1/2"]
[WhiteElo "1563"]
[BlackElo "1440"]

1. d4 d5 2. c4 c6 3. e3 Nf6 4. Nc3 a6 5. Nf3 b5 6. cxd5 cxd5 7. Bd3 Bb7 8.
 O-O e6 9. Bd2 Bd6 10. Ne2 O-O 11. Ng3 Nbd7 12. Rc1 e5 13. dxe5 Nxe5 14. 
Nxe5 Bxe5 15. Bc3 Bxc3 16. Rxc3 Rc8 17. Qc2 Rxc3 18. Qxc3 Qd7 19. Rc1 Rc8 
20. Qe1 Rxc1 21. Qxc1 Qc6 22. Qxc6 Bxc6 23. f3 Bd7 24. Ne2 Be6 25. Nd4 g6 
26. Kf2 Nd7 27. f4 Nc5 28. Bc2 Kg7 29. Kf3 Kf6 30. g4 h6 31. h4 Bd7 32. f5
Nb7 33. Bb3 Ke5 34. fxg6 fxg6 35. Bc2 g5 36. Nf5 Bxf5 37. Bxf5 Nd6 38. Bd3
gxh4 39. b3 a5 40. Kg2 b4 41. Kh3 d4 42. exd4+ Kxd4 43. Bg6 Ne4 44. Kxh4 
Nf6 45. Kg3 Ke3 46. Bf5 Ne4+ 47. Kh4 Nf6 48. Kg3 Ne4+ 1/2-1/2

[Event "Herbert W. Gustafson Memorial Open, S47059"]
[Site "CCLA"]
[Date "2014.10.27"]
[Round "?"]
[White "Clancey, James"]
[Black "Gredescul, Andrea"]
[Result "0-1"]
[WhiteElo "2053"]
[BlackElo "2026"]

1. d4 d5 2. c4 c6 3. Nc3 Nf6 4. Nf3 a6 5. c5 Nbd7 6. Bf4 g6 7. h3 Bg7 8. 
e3 O-O 9. Be2 Ne8 10. O-O Nc7 11. Bg3 Re8 12. Na4 e5 13. Rc1 e4 14. Nd2 f5
15. Bd6 Ne6 16. f3 b5 17. cxb6 Nxb6 18. Nxb6 Qxb6 19. fxe4 Bh6 20. exf5 
Nxd4 21. exd4 Qxd4+ 22. Kh2 Qxd2 23. Rc2 Qxd1 24. Bxd1 Bxf5 25. Rxc6 d4 
26. Bf4 Bg7 27. Bb3+ Kh8 28. Bc4 d3 29. Rf2 a5 30. g4 Be4 31. Rd6 Rad8 32.
 Rd2 Rxd6 33. Bxd6 Bf6 34. h4 Rd8 35. Bf4 h5 36. Kg3 Rd4 37. Bb5 Kh7 38. 
g5 Bg7 39. a3 Bf5 40. Kf3 Bf8 41. Bg3 Bg4+ 42. Kg2 Be2 43. Bc6 Bd6 44. 
Bxd6 Rxd6 45. Bf3 Bxf3+ 46. Kxf3 Rd4 0-1

[Event "Continuous Server Series, S40019"]
[Site "CCLA"]
[Date "2014.01.20"]
[Round "?"]
[White "Sanchez, David A."]
[Black "Strelecky, Rich"]
[Result "0-1"]
[WhiteElo "1471"]
[BlackElo "1584"]

1. d4 d5 2. c4 c6 3. Nf3 Nf6 4. Nc3 dxc4 5. Ne5 b5 6. g3 Ng4 7. Nxg4 Bxg4 
8. Bg2 b4 9. Ne4 f6 10. h3 Bf5 11. e3 Bg6 12. Nc5 Bf7 13. Qa4 Bd5 14. e4 
Bf7 15. Qxb4 Qb6 16. Bd2 Qxb4 17. Bxb4 e5 18. O-O-O a5 19. Bc3 Be7 20. Na4
Bb4 21. a3 Bxc3 22. Nxc3 Nd7 23. h4 Bh5 24. Rd2 O-O 25. Bh3 Rad8 26. g4 
Bf7 27. Rhd1 Rde8 28. g5 Be6 29. Bxe6+ Rxe6 30. d5 cxd5 31. Rxd5 Nb6 32. 
Rxa5 fxg5 33. hxg5 Rxf2 34. Ra6 Kf7 35. Nd5 Nxd5 36. Rxe6 Kxe6 37. exd5+ 
Kd6 38. Rh1 h6 39. gxh6 gxh6 40. Rxh6+ Kxd5 41. Rh3 Rf1+ 42. Kc2 Kd4 43. 
Kd2 Rf2+ 44. Kc1 e4 45. Rc3 e3 46. a4 Rf1+ 0-1

[Event "Herbert W. Gustafson Memorial Open, S47039"]
[Site "CCLA"]
[Date "2014.10.27"]
[Round "?"]
[White "Quirk, Michael"]
[Black "Galvin, John H."]
[Result "1-0"]
[WhiteElo "2205"]
[BlackElo "2191"]

1. d4 d5 2. c4 c6 3. Nf3 Nf6 4. Nc3 dxc4 5. a4 Bf5 6. Ne5 Na6 7. e3 Nb4 8.
 Bxc4 e6 9. O-O Bd6 10. Qe2 h6 11. e4 Bh7 12. Bf4 O-O 13. Bg3 Qe7 14. Rad1
c5 15. dxc5 Bxc5 16. Bh4 g5 17. Bg3 Rad8 18. Rc1 Nd7 19. Nxd7 Rxd7 20. Bb5
Rdd8 21. e5 a6 22. Bc4 Rd4 23. Rcd1 Rfd8 24. Rxd4 Rxd4 25. b3 Nc6 26. Qh5 
Na5 27. Ne2 Rd2 28. Nc1 Nxc4 29. bxc4 Bg6 30. Qf3 Rc2 31. Nb3 Bb4 32. Rc1 
1-0

[Event "NA Class C Server Championship, S40129"]
[Site "CCLA"]
[Date "2014.04.30"]
[Round "?"]
[White "Sanchez, David A."]
[Black "Nurmi, Ronald"]
[Result "0-1"]
[WhiteElo "1471"]
[BlackElo "1438"]

1. d4 d5 2. c4 c6 3. Nf3 Nf6 4. Nc3 dxc4 5. a4 Bf5 6. Ne5 Nbd7 7. Nxc4 Nb6
8. e3 e6 9. Ne5 Nbd7 10. Nc4 Nb6 11. f3 Bb4 12. Nxb6 Qxb6 13. Bd2 O-O 14. 
Be2 Rfd8 15. O-O Bd6 16. Bc1 Qc7 17. f4 c5 18. Bd3 Bxd3 19. Qxd3 cxd4 20. 
Nb5 Qc6 21. exd4 Bc5 22. Qc4 Bxd4+ 0-1

[Event "Herbert W. Gustafson Memorial Open, S47019"]
[Site "CCLA"]
[Date "2014.10.27"]
[Round "?"]
[White "Berthelot, Paul"]
[Black "Vaughan, James"]
[Result "1/2-1/2"]
[WhiteElo "2227"]
[BlackElo "2270"]

1. d4 Nf6 2. c4 c6 3. Nf3 d5 4. Nc3 dxc4 5. a4 Bf5 6. e3 Nbd7 7. Bxc4 e6 
8. O-O Bb4 9. Qe2 Bg6 10. Bd3 Bxd3 11. Qxd3 O-O 12. Rd1 Qa5 13. e4 e5 14. 
Qc2 Rfe8 15. Bg5 exd4 16. Rxd4 Rad8 17. Rad1 h6 18. Bxf6 Nxf6 19. e5 Rxd4 
20. Rxd4 Bxc3 21. Qxc3 Qxc3 22. bxc3 Nd5 23. c4 Nc3 24. Rd7 Nxa4 25. Rxb7 
Ra8 26. Kf1 a5 27. Ke2 Nc5 28. Rb2 Nd7 29. Rb7 Nf8 30. Nd4 c5 31. Nb5 a4 
32. Na3 g5 33. g3 Ng6 34. Rb5 Rc8 35. e6 fxe6 36. Ra5 Ne5 37. f4 gxf4 38. 
gxf4 Ng6 39. Ke3 Rf8 40. Rxc5 Rxf4 41. Ra5 Rh4 42. Rxa4 Rh3+ 43. Kd4 Rxh2 
44. Ra6 Kf7 45. Nb5 Kf6 46. Nd6 Rd2+ 47. Ke3 Rd1 48. Ne4+ Kf5 49. Ng3+ Ke5
50. Ra5+ Kd6 51. Rh5 Kd7 52. Rxh6 Ne5 53. c5 Ng4+ 54. Ke2 Ra1 55. Rh8 Kc6 
56. Ne4 Kd5 57. Rh4 Kxe4 58. Rxg4+ Kd5 59. Rg5+ e5 60. c6 Ra6 61. c7 Ra8 
62. Ke3 Kd6 63. Rg7 Rc8 64. Ke4 Rxc7 1/2-1/2

[Event "Herbert W. Gustafson Memorial Open, S47089"]
[Site "CCLA"]
[Date "2014.10.27"]
[Round "?"]
[White "Richardson, Ryan M."]
[Black "Capuzzi, Gabriele"]
[Result "1/2-1/2"]
[WhiteElo "1689"]
[BlackElo "1775"]

1. d4 d5 2. c4 dxc4 3. e4 e5 4. Nf3 exd4 5. Bxc4 Bb4+ 6. Nbd2 Nc6 7. O-O 
Nf6 8. e5 Nd5 9. Nb3 Nb6 10. Bb5 Bd7 11. Qe2 O-O 12. Bxc6 Bxc6 13. Nbxd4 
Bd5 14. b3 Bc3 15. Bb2 Bxb2 16. Qxb2 c5 17. Nf5 Bxf3 18. gxf3 Qg5+ 19. Ng3
Rfe8 20. Rfe1 Nd7 21. f4 Qxf4 22. Re4 Qg5 23. Rae1 h5 24. h4 Qg6 25. Kh2 
Re6 26. f4 f5 27. exf6 Rxe4 28. Nxe4 Nxf6 29. Nxf6+ Qxf6 30. Qxf6 gxf6 31.
 Re7 b6 32. Kg3 Rc8 33. Rxa7 b5 34. Rb7 c4 35. bxc4 bxc4 36. Rb2 Kf7 37. 
Kf3 c3 38. Rc2 Ke6 1/2-1/2

[Event "Herbert W. Gustafson Memorial, S47149"]
[Site "CCLA"]
[Date "2014.10.27"]
[Round "?"]
[White "Perry, William E."]
[Black "Nurmi, Ronald"]
[Result "1/2-1/2"]
[WhiteElo "1440"]
[BlackElo "1438"]

1. d4 d5 2. c4 c6 3. Nf3 Nf6 4. Qc2 dxc4 5. Qxc4 Bg4 6. Nc3 Nbd7 7. e4 
Bxf3 8. gxf3 e5 9. Be3 exd4 10. Bxd4 Bd6 11. O-O-O Qc7 12. Ne2 O-O 13. Qc2
Rfd8 14. h4 Nh5 15. Bh3 Ndf6 16. Kb1 Be5 17. Bxe5 Rxd1+ 18. Rxd1 Qxe5 19. 
Rd3 Nf4 20. Nxf4 Qxf4 21. Qd2 Qc7 22. Rd6 h6 23. Qd4 c5 24. Qd3 Re8 25. 
Bg2 b6 26. Qd2 Re7 27. Rd8+ Kh7 28. Qd6 Rd7 29. Qxc7 Rxc7 30. e5 Rd7 31. 
Rxd7 Nxd7 32. f4 Kg8 33. Bc6 Nb8 34. Bd5 Kf8 35. e6 fxe6 36. Bxe6 Ke7 37. 
Bc4 Nd7 38. Kc2 Kd6 39. Kd3 Nf6 1/2-1/2

[Event "Open Server Series, S40039"]
[Site "CCLA"]
[Date "2014.01.31"]
[Round "?"]
[White "Shannon, Paul D."]
[Black "Capuzzi, Gabriele"]
[Result "1-0"]
[WhiteElo "1832"]
[BlackElo "1775"]

1. d4 d5 2. c4 dxc4 3. Nf3 Nf6 4. Qa4+ c6 5. Qxc4 Bg4 6. Nbd2 e6 7. g3 
Nbd7 8. Bg2 Be7 9. O-O O-O 10. e4 Rc8 11. Re1 Qc7 12. b4 Rfd8 13. a4 a6 
14. Nb3 b5 15. Qc3 Bxf3 16. Bxf3 Nb6 17. Bf4 Qd7 18. a5 Nc4 19. Rad1 Qa7 
20. Be3 Nxe3 21. Rxe3 Bd6 22. Red3 g6 23. Nc5 Bxc5 24. dxc5 Qe7 25. Qd2 
Rxd3 26. Qxd3 Kg7 27. Qd6 Rc7 28. Qxe7 Rxe7 29. Rd6 Rc7 30. Rd8 e5 31. Ra8
Nd7 32. Rxa6 Nf8 33. Bg4 h5 34. Bh3 Nh7 35. Ra8 Ng5 36. Bc8 Nxe4 37. a6 
Nf6 38. Bb7 Nd7 39. Rc8 1-0

[Event "Regular Quad, S40299"]
[Site "CCLA"]
[Date "2014.09.15"]
[Round "?"]
[White "Blankenship, Jerry T."]
[Black "Smiley, William R."]
[Result "1-0"]
[WhiteElo "1599"]
[BlackElo "1530"]

1. d4 d5 2. c4 dxc4 3. Nf3 Nf6 4. e3 e6 5. Bxc4 Nbd7 6. O-O Be7 7. Nc3 O-O
8. Qe2 a6 9. e4 Nb6 10. Bd3 c6 11. a3 Nbd7 12. Rd1 h6 13. h3 Re8 14. Be3 
b5 15. Rac1 Bb7 16. Bb1 Nf8 17. Ba2 Rc8 18. b4 Ng6 19. Qb2 Rc7 20. Ne5 Qc8
21. Nxg6 fxg6 22. Bf4 1-0

[Event "Herbert W Gustafson Memorial, S47129"]
[Site "CCLA"]
[Date "2014.10.27"]
[Round "?"]
[White "Miller, Allan A."]
[Black "Shaffer, Aaron"]
[Result "1-0"]
[WhiteElo "1563"]
[BlackElo "1383"]

1. d4 d5 2. c4 e6 3. e3 Nc6 4. Nc3 Nf6 5. cxd5 exd5 6. Nf3 Bd6 7. a3 Bf5 
8. Bd3 Bxd3 9. Qxd3 O-O 10. O-O Qe8 11. Nb5 Qe4 12. Qxe4 Nxe4 13. Nxd6 
Nxd6 14. Bd2 Rfe8 15. Rfc1 Ne4 16. Be1 h6 17. b4 a6 18. Rc2 Rad8 19. Rac1 
Rc8 20. a4 Re7 21. b5 Nd8 22. bxa6 bxa6 23. Ba5 Ne6 24. Rc6 Rb8 25. Rxa6 
Kf8 26. Be1 Rb6 27. Rxb6 cxb6 28. Bb4 Ke8 29. Bxe7 1-0

[Event "Regular Quad, S40329"]
[Site "CCLA"]
[Date "2014.09.26"]
[Round "?"]
[White "Miller, Allan A."]
[Black "Sullivan, Terry"]
[Result "1-0"]
[WhiteElo "1563"]
[BlackElo "1113"]

1. d4 d5 2. c4 e6 3. e3 b6 4. cxd5 exd5 5. Nf3 Bf5 6. Nc3 Nf6 7. Bd3 Bxd3 
8. Qxd3 Nc6 9. O-O g5 10. e4 Bb4 11. exd5 O-O 12. dxc6 Nd5 13. Nxg5 Nxc3 
14. Qxh7# 1-0

[Event "Open Server Series, S40089"]
[Site "CCLA"]
[Date "2014.03.24"]
[Round "?"]
[White "Beavan, Robert"]
[Black "Laaman, Thomas"]
[Result "1/2-1/2"]
[WhiteElo "1937"]
[BlackElo "1588"]

1. c4 e6 2. g3 d5 3. Bg2 c5 4. Nf3 Nc6 5. O-O Nf6 6. cxd5 exd5 7. d4 Bf5 
8. Nc3 Be7 9. dxc5 Bxc5 10. Bg5 d4 11. Nh4 Bd7 12. Nd5 O-O 13. e3 dxe3 14.
 fxe3 Be7 15. Nxf6+ Bxf6 16. Bxf6 gxf6 17. Bxc6 bxc6 18. Nf5 Bxf5 19. Rxf5
Qxd1+ 20. Rxd1 Kg7 21. Rd6 Rac8 22. Rfxf6 c5 23. Ra6 Rc7 24. Rfc6 Rfc8 25.
 Rxc7 Rxc7 26. b3 f6 27. Kf2 Kg6 28. e4 Kf7 29. Ke3 Kg6 30. Kd3 1/2-1/2

[Event "NA Class D Server Championship, S40139"]
[Site "CCLA"]
[Date "2014.04.30"]
[Round "?"]
[White "Simonson, Jay"]
[Black "Hodgkins, Neil C."]
[Result "0-1"]
[WhiteElo "1364"]
[BlackElo "1419"]

1. Nf3 d5 2. d4 Nf6 3. c4 e6 4. Qb3 Nc6 5. cxd5 exd5 6. Bf4 Be6 7. Qxb7 
Bd6 8. Bxd6 cxd6 9. Qxc6+ Ke7 10. e3 Rc8 11. Qb7+ Rc7 12. Qb4 Ne4 13. Be2 
Qb8 14. a3 Rc1+ 15. Bd1 Rc4 16. Qxb8 Rxb8 17. Nbd2 Rc7 18. b4 h6 19. O-O 
g5 20. Nb3 f5 21. h3 Bd7 22. Na5 Kf6 23. Bb3 Ke6 24. Rfc1 Rbc8 25. Rxc7 
Rxc7 26. g3 h5 27. Ba2 Bb5 28. Kg2 g4 29. hxg4 hxg4 30. Nh4 Bc4 31. Rc1 
Nd2 32. Rc2 Bf1+ 33. Kg1 Rxc2 34. Bb3 Rc1 35. Kh2 Bd3 36. Ng6 Be4 37. Nf4+
Kf6 38. f3 Bxf3 39. Ng2 Nf1+ 40. Kg1 Nxg3+ 41. Kh2 Nf1+ 42. Kg1 Nxe3+ 43. 
Kh2 Bxg2 44. Nb7 Rh1+ 45. Kg3 Rh3+ 46. Kf2 Rf3+ 47. Ke2 Bf1+ 48. Kd2 Nc4+ 
49. Bxc4 dxc4 50. Nxd6 c3+ 51. Kc2 g3 52. Ne8+ Kg5 53. Nd6 g2 54. Nf7+ Kf4
55. Ne5 Rg3 56. d5 Kxe5 57. d6 Kxd6 58. a4 g1=Q 0-1

[Event "Herbert W. Gustafson Memorial, S47209"]
[Site "CCLA"]
[Date "2014.10.27"]
[Round "?"]
[White "Howard, James"]
[Black "Lyons, Brenda M."]
[Result "0-1"]
[WhiteElo "1145"]
[BlackElo "1188"]

1. Nf3 Nf6 2. d4 d5 3. c4 e6 4. e4 dxe4 5. c5 exf3 6. Bb5+ Bd7 7. Ba4 Bxa4
8. gxf3 Bxd1 9. Kxd1 Qxd4+ 10. Nd2 Bxc5 11. Re1 Bb4 12. f4 Bxd2 13. Bxd2 
Nc6 14. f5 O-O-O 15. fxe6 Qxd2# 0-1

[Event "Continuous Server Series, S40159"]
[Site "CCLA"]
[Date "2014.05.19"]
[Round "?"]
[White "Metz, Edward"]
[Black "Martindale, Roger"]
[Result "1-0"]
[WhiteElo "1398"]
[BlackElo "1209"]

1. d4 d5 2. c4 Nf6 3. Nf3 e6 4. e3 Nc6 5. Nc3 h6 6. Bd3 Bb4 7. Bd2 O-O 8. 
O-O a6 9. Qb3 Bd7 10. cxd5 exd5 11. Nxd5 Be6 12. Nxf6+ Qxf6 13. d5 Bxd5 
14. Qxd5 Rfd8 15. Qb3 a5 16. Rac1 b6 17. Bxb4 Nxb4 18. Rfd1 c5 19. Bc4 a4 
20. Qc3 Qxc3 21. bxc3 Nc6 22. Bb5 Rxd1+ 23. Rxd1 Rd8 24. Rxd8+ Nxd8 25. 
Ne5 Nb7 26. Bxa4 c4 27. Nxc4 Nc5 28. Nxb6 1-0

[Event "Continuous Server Series, S40159"]
[Site "CCLA"]
[Date "2014.05.19"]
[Round "?"]
[White "Metz, Edward"]
[Black "Poindexter, Jeffrey"]
[Result "0-1"]
[WhiteElo "1398"]
[BlackElo "1327"]

1. d4 d5 2. c4 e6 3. Nf3 c6 4. e3 Nf6 5. cxd5 Bb4+ 6. Bd2 Bxd2+ 7. Nbxd2 
exd5 8. Qb3 O-O 9. Bd3 Qb6 10. O-O Qxb3 11. Nxb3 Bg4 12. Ne5 Nbd7 13. Nxg4
Nxg4 14. Bf5 Ngf6 15. Rac1 g6 16. Bh3 Nb6 17. Na5 Rab8 18. f3 Rfe8 19. 
Rfe1 Kf8 20. b3 Nh5 21. g3 f5 22. e4 fxe4 23. fxe4 Rxe4 24. Rxe4 dxe4 25. 
Re1 Nf6 26. Bg2 Nbd5 27. Bxe4 Re8 28. Rf1 Rxe4 29. Nxb7 Rxd4 30. Nd8 Rd2 
31. Nxc6 Rxa2 32. b4 a6 33. Nb8 Kg7 34. Nc6 Ne3 35. Re1 Nfg4 36. Ne5 Rg2+ 
37. Kh1 Nf2# 0-1

[Event "Summer Server Series, S40081"]
[Site "CCLA"]
[Date "2014.07.28"]
[Round "?"]
[White "Metz, Edward"]
[Black "Blankenship, Jerry T."]
[Result "0-1"]
[WhiteElo "1398"]
[BlackElo "1599"]

1. d4 d5 2. c4 c6 3. Nf3 Nf6 4. e3 e6 5. Bd3 Nbd7 6. O-O Qc7 7. c5 e5 8. 
Bc2 e4 9. Nh4 Be7 10. f3 Ng4 11. fxg4 Bxh4 12. b4 Nf6 13. g3 Bxg3 14. hxg3
Qxg3+ 15. Kh1 Bxg4 16. Qe1 Bf3+ 17. Rxf3 Qxe1+ 0-1

[Event "Summer Server Series, S40081"]
[Site "CCLA"]
[Date "2014.07.28"]
[Round "?"]
[White "Metz, Edward"]
[Black "Smiley, William R."]
[Result "1-0"]
[WhiteElo "1398"]
[BlackElo "1530"]

1. d4 Nf6 2. Nf3 d5 3. c4 e6 4. Bg5 Be7 5. e3 h6 6. Bxf6 Bxf6 7. Bd3 c6 8.
 Nbd2 O-O 9. Qc2 Nd7 10. O-O b6 11. cxd5 cxd5 12. a4 Bb7 13. b4 Rc8 14. 
Qb3 Re8 15. a5 Ra8 16. a6 Bc8 17. Bb5 Re7 18. e4 dxe4 19. Nxe4 Nf8 20. 
Nxf6+ gxf6 21. Rfe1 Bd7 22. Bc4 b5 23. Bd3 Rc8 24. Ra5 Rb8 25. Nd2 f5 26. 
f3 Qb6 27. Qb2 Ng6 28. g3 e5 29. Nb3 Bc6 30. Kf2 Rbe8 31. Bxf5 exd4 32. 
Rxe7 Rxe7 33. Qxd4 Qc7 34. Qd3 Qe5 35. Bxg6 fxg6 36. Qxg6+ Rg7 37. Qd3 
Qb2+ 38. Kg1 Rd7 39. Qg6+ Kf8 40. Qxh6+ Ke7 41. Qe3+ Kd8 42. Ra1 1-0